| 000 | 00902nam a22002417a 4500 | ||
|---|---|---|---|
| 005 | 20220201113131.0 | ||
| 008 | 220201b ||||| |||| 00| 0 eng d | ||
| 020 | _a8172762704 | ||
| 040 | _cAL | ||
| 041 | _aeng | ||
| 082 |
_223 _a070.92 _bKAMR |
||
| 100 |
_aM V Kamath _915429 |
||
| 245 | _aReporter at Large | ||
| 260 |
_aMumbai _bBharatiya Vidya Bhavan _c2002 |
||
| 300 |
_axvi,816 p. _bHB _c22x15 cm. |
||
| 365 |
_b600.00 _c₹ _d600.00 |
||
| 520 | _aThis Book By The Noted Journalist M.V. Kamath Is A Reflective Analysis Of The History Of Modern India And Offers Insights Into The World Of Diplomacy, Politics And Journalists. Divided Into 5 Parts Followed By 3 Appendices. Also Has A Number Of Black And White Photographers. | ||
| 650 |
_aJournalism _915423 |
||
| 650 |
_aKashmir Debate _915425 |
||
| 650 |
_aGod's Own Country _915426 |
||
| 700 |
_aKAMATH (M V) _915427 |
||
| 942 |
_2ddc _cGF |
||
| 999 |
_c221397 _d221397 |
||